| 000 | 02170cam a2200421 i 4500 | ||
|---|---|---|---|
| 999 |
_c129874 _d129874 |
||
| 001 | 18673066 | ||
| 003 | ARRUPE | ||
| 005 | 20190924095056.0 | ||
| 008 | 150625t20142014rh b 000 0 eng | ||
| 010 | _a 2014322603 | ||
| 020 | _a9781779300058 | ||
| 020 | _a1779300050 | ||
| 035 | _a(OCoLC)ocn914669726 | ||
| 040 |
_aOI@ _beng _cOI@ _dOCLCF _dIUL _dOCLCQ _dDLC _erda |
||
| 042 |
_alccopycat _apcc |
||
| 043 | _af------ | ||
| 050 | 0 | 0 |
_aJQ1879.A15 _bC575 2014 |
| 245 | 0 | 0 |
_aCivil society and constitutional reforms in Africa / _c[edited by Tyanai Masiya and Charles Mutasa]. |
| 260 |
_aHarare _bMwengo _c2014 |
||
| 300 |
_a227 p. ; _c21 cm. |
||
| 504 | _aIncludes bibliographical references. | ||
| 505 | 0 | _aIntroduction: revisiting civil society and constitution making in Africa / Charles Mutasa -- The role of civil society in constitutional reforms in Africa: a case study of Zimbabwe / Lloyd Sachikonye -- Civil society and constitutional reform in Africa: a case of Ghana / Mawuse Hor Vormawor and Raymond Atuguba -- Civil society and constitution making in Tanzania: a tall order / Chris Maina Peter -- Civil society and Constitution reform in Kenya / Wambua Kawive -- Contentious constitutionalism, commodification and commoning: South African civil society tackles constitutional reform / Patrick Bond -- Zimbabwe still in need of a people-driven constitution: a civil society perspective / Tyanai Masiya. | |
| 650 | 0 |
_aCivil society _zAfrica. _948224 |
|
| 650 | 0 |
_aCivil society _zAfrica, Southern. _99027 |
|
| 650 | 0 |
_aConstitutional history _zAfrica. _948225 |
|
| 650 | 7 |
_aCivil society. _2fast _917288 |
|
| 650 | 7 |
_aConstitutional history. _2fast _948226 |
|
| 650 | 7 |
_aPolitics and government. _2fast _931317 |
|
| 651 | 0 |
_aAfrica _xPolitics and government _y21st century. _948227 |
|
| 651 | 7 |
_aAfrica. _2fast _98946 |
|
| 651 | 7 |
_aAfrica, Southern. _2fast _922601 |
|
| 700 | 1 |
_aMasiya, T., _eeditor. _948228 |
|
| 700 | 1 |
_aMutasa, Charles, _eeditor. _948229 |
|
| 710 | 2 |
_aMWENGO (Organization) _948230 |
|
| 906 |
_a7 _bcbc _ccopycat _d2 _encip _f20 _gy-gencatlg |
||
| 942 |
_2lcc _cMONOGRAPH |
||